| 000 | 01530nam0a2200361 4500 | ||
|---|---|---|---|
| 001 | RU\NLR\bibl\1005876 | ||
| 005 | 20260406000725.0 | ||
| 010 |
_a5-91131-137-2 _bВ пер. |
||
| 021 |
_aRU _b2006-61105 _93042 |
||
| 035 | _a(nilc)RSL-KNO-002954924 | ||
| 035 | _a(NLR Aleph) 000993536 | ||
| 090 |
_a533858 _c533858 |
||
| 100 | _a20061009d2006 |||y0rusy50 ca | ||
| 101 | 0 | _arus | |
| 102 | _aRU | ||
| 105 | _ay ||||||||| | ||
| 106 | _ar | ||
| 200 | 1 |
_aОсновы психологии _eучебное пособие для студентов вузов _fФ.Р. Филатов _gИзд.-торговая корпорация "Дашков и К°" |
|
| 210 |
_aМосква _cДашков и К° _aРостов-на-Дону _cНаука-Пресс _d2006 _eЛюберцы (Моск. обл.) _gПИК ВИНИТИ |
||
| 215 |
_a654, [1] с. _cил., табл. _d22 |
||
| 320 | _aБиблиогр.: с. 646-650 (112 назв.) | ||
| 606 | 1 |
_aПсихология _jУчебные издания для высших учебных заведений _9931820 _3RU\NLR\auth\6624683 |
|
| 610 | 0 | _aПсихология -- Учебник для высшей школы | |
| 686 |
_aЮ9я73-1 _2rubbk |
||
| 686 | _aЮ93я73 | ||
| 700 | 1 |
_4070 _8rus _7ca _aФилатов _bФ. Р. _gФилипп Робертович _3RU\NLR\auth\77110276 _993201 |
|
| 801 | 0 |
_aRU _bРКП _c20061009 _grcr |
|
| 801 | 1 |
_aRU _bРГБ _c20061009 |
|
| 801 | 2 |
_aRU _bNLR _c20061113 _grcr |
|
| 942 | _cBOOK | ||
| 980 | _aNB | ||